Which Lord of the Rings Movie? Quiz Stats

 Plays Quiz Updated Feb 2, 2018

Challenge
Share
Tweet
Score 0/21 Timer 05:00
4 Plays Today
% Correct
~ The Return of the King ~
95.8%
~ The Fellowship of the Ring ~
94.9%
~ The Fellowship of the Ring ~
94.4%
~ The Two Towers ~
93.7%
~ The Return of the King ~
93.5%
~ The Fellowship of the Ring ~
92.7%
~ The Fellowship of the Ring ~
92.2%
~ The Return of the King ~
91.2%
~ The Fellowship of the Ring ~
89.7%
~ The Fellowship of the Ring ~
89.7%
~ The Return of the King ~
87.6%
% Correct
~ The Fellowship of the Ring ~
86.7%
~ The Two Towers ~
86.3%
~ The Two Towers ~
85.4%
~ The Two Towers ~
84.5%
~ The Return of the King ~
82.8%
~ The Two Towers ~
82.4%
~ The Two Towers ~
76.6%
~ The Return of the King ~
66.4%
~ The Return of the King ~
49.3%
~ The Two Towers ~
45.2%

You're not logged in!

Compare scores with friends on all Sporcle quizzes.
OR
Log In

You Might Also Like...

Show Comments

Extras

Top Quizzes Today


Score Distribution

Your Account Isn't Verified!

In order to create a playlist on Sporcle, you need to verify the email address you used during registration. Go to your Sporcle Settings to finish the process.

Report this User

Report this user for behavior that violates our Community Guidelines.

Details: